[Event "CAN-ch U20 1997-98"]
[Site "Winnipeg CAN"]
[Date "1997.12.29"]
[Round "6"]
[White "Filion, Charles"]
[Black "Kirby, Patrick"]
[Result "1-0"]
[WhiteElo "2223"]
[BlackElo "2099"]
[PlyCount "97"]
[GameId "2160767911874240"]
[EventDate "1997.12.27"]
[EventType "tourn"]
[EventRounds "11"]
[EventCountry "CAN"]
[SourceTitle "EXT 2001"]
[Source "ChessBase"]
[SourceDate "2000.11.22"]
[SourceVersion "1"]
[SourceVersionDate "2000.11.22"]
[SourceQuality "1"]

1. e4 c5 2. Nf3 e6 3. d4 cxd4 4. Nxd4 a6 5. Nc3 b5 6. Bd3 Qb6 7. Nce2 Bb7 8. Be3 Qc7 9. O-O Nf6 10. f3 d5 11. e5 Qxe5 12. Bf4 Qh5 13. g4 Nxg4 14. fxg4 Qxg4+ 15. Ng3 Qxd1 16. Raxd1 Bc5 17. Be3 Nd7 18. Bf2 O-O 19. Nf3 Rae8 20. Rfe1 Bxf2+ 21. Kxf2 g6 22. c4 bxc4 23. Bxc4 Nb6 24. Bf1 f6 25. Rd3 Nc4 26. Rb3 Rf7 27. Bxc4 dxc4 28. Rb6 e5 29. Ne4 Bxe4 30. Rxe4 Rc8 31. Re3 Kg7 32. Nd2 a5 33. Rc3 Rfc7 34. Ne4 Rc6 35. Rxc6 Rxc6 36. Nd2 f5 37. Rxc4 Rb6 38. b3 Rb5 39. Ra4 e4 40. Nc4 g5 41. Rxa5 Rxa5 42. Nxa5 f4 43. Nc4 h5 44. a4 g4 45. a5 h4 46. a6 g3+ 47. hxg3 hxg3+ 48. Kg2 e3 49. Kf3 1-0

[Event "CAN-ch U20 1997-98"]
[Site "Winnipeg CAN"]
[Date "1997.12.29"]
[Round "6"]
[White "Gulati, Justin"]
[Black "Henson, Joshua"]
[Result "1-0"]
[WhiteElo "2062"]
[BlackElo "2014"]
[PlyCount "83"]
[GameId "2160767911874242"]
[EventDate "1997.12.27"]
[EventType "tourn"]
[EventRounds "11"]
[EventCountry "CAN"]
[SourceTitle "EXT 2001"]
[Source "ChessBase"]
[SourceDate "2000.11.22"]
[SourceVersion "1"]
[SourceVersionDate "2000.11.22"]
[SourceQuality "1"]

1. d4 Nf6 2. Nf3 e6 3. Bf4 b6 4. e3 Bb7 5. Bd3 Be7 6. Nbd2 d5 7. c3 Nbd7 8. h3 c5 9. O-O O-O 10. Qc2 Rc8 11. Rae1 c4 12. Be2 b5 13. Ne5 Nxe5 14. Bxe5 Nd7 15. Bg3 f5 16. f3 g5 17. e4 f4 18. Bf2 Nb6 19. Bd1 Qd7 20. Re2 Bf6 21. Rfe1 Rce8 22. Qb1 Bc6 23. Bc2 Qf7 24. Nf1 Bd7 25. Nh2 Qg7 26. Ng4 h5 27. Ne5 Rd8 28. exd5 exd5 29. Bg6 h4 30. Qc2 Be8 31. Bxe8 Rdxe8 32. Ng4 Rxe2 33. Qxe2 Kh8 34. Qe6 Bd8 35. Ne5 Kh7 36. Ng4 Kh8 37. Qc6 Qd7 38. Qh6+ Kg8 39. Re6 Rf7 40. Ne5 Rh7 41. Qg6+ Rg7 42. Re8+ 1-0

[Event "CAN-ch U20 1997-98"]
[Site "Winnipeg CAN"]
[Date "1997.12.29"]
[Round "6"]
[White "Hua, Lefong"]
[Black "Olson, Hans"]
[Result "1-0"]
[WhiteElo "2298"]
[BlackElo "1862"]
[PlyCount "83"]
[GameId "2160767911874243"]
[EventDate "1997.12.27"]
[EventType "tourn"]
[EventRounds "11"]
[EventCountry "CAN"]
[SourceTitle "EXT 2001"]
[Source "ChessBase"]
[SourceDate "2000.11.22"]
[SourceVersion "1"]
[SourceVersionDate "2000.11.22"]
[SourceQuality "1"]

1. d4 d5 2. c4 c6 3. cxd5 cxd5 4. Nc3 Nc6 5. Bf4 Nf6 6. e3 g6 7. Nf3 a6 8. Ne5 Bg7 9. Bd3 O-O 10. O-O Nd7 11. Nxd7 Qxd7 12. Qb3 e6 13. Na4 Qd8 14. Rfc1 Re8 15. Nb6 Ra7 16. Bb8 Nxb8 17. Nxc8 Qxc8 18. Rxc8 Rxc8 19. Qb6 Nc6 20. Rc1 Rca8 21. f4 Bf6 22. a3 Bd8 23. Qb3 Rc8 24. Qd1 Raa8 25. Qd2 Rc7 26. g4 Bf6 27. Qg2 Rf8 28. Qg3 Rcc8 29. Kh1 Kh8 30. h4 Ne7 31. Rf1 Rce8 32. f5 Nc6 33. g5 Bd8 34. fxg6 hxg6 35. h5 Kg7 36. hxg6 fxg6 37. Rxf8 Rxf8 38. Qg4 Re8 39. Kg2 Bc7 40. Qh3 Ne7 41. Qxe6 Kf8 42. Qf6+ 1-0

[Event "CAN-ch U20 1997-98"]
[Site "Winnipeg CAN"]
[Date "1997.12.29"]
[Round "6"]
[White "Zugic, Igor"]
[Black "Chin, Garrett"]
[Result "1-0"]
[WhiteElo "2373"]
[BlackElo "1985"]
[PlyCount "63"]
[GameId "2160767911874244"]
[EventDate "1997.12.27"]
[EventType "tourn"]
[EventRounds "11"]
[EventCountry "CAN"]
[SourceTitle "EXT 2001"]
[Source "ChessBase"]
[SourceDate "2000.11.22"]
[SourceVersion "1"]
[SourceVersionDate "2000.11.22"]
[SourceQuality "1"]

1. d4 Nf6 2. Nf3 g6 3. c4 Bg7 4. g3 d6 5. Bg2 O-O 6. O-O Nbd7 7. Nc3 e5 8. e4 c6 9. h3 exd4 10. Nxd4 Re8 11. Be3 Qa5 12. Qc2 Nc5 13. Rfd1 Be6 14. a3 Ncd7 15. b3 h6 16. Rac1 Qh5 17. Nce2 g5 18. Nxe6 fxe6 19. a4 Ne5 20. Rxd6 Rf8 21. Qd1 Nf3+ 22. Bxf3 Qxf3 23. Nc3 Nh5 24. Qxf3 Rxf3 25. Ne2 Raf8 26. Rcd1 Be5 27. Rd8 Nxg3 28. Rxf8+ Kxf8 29. Nxg3 Bxg3 30. Kg2 Rxe3 31. fxe3 Be5 32. Rd7 1-0

[Event "CAN-ch U20 1997-98"]
[Site "Winnipeg CAN"]
[Date "1997.12.30"]
[Round "7"]
[White "Afrah, Navid"]
[Black "Goldenberg, Danny"]
[Result "0-1"]
[WhiteElo "2210"]
[BlackElo "2369"]
[PlyCount "120"]
[GameId "2160767911874245"]
[EventDate "1997.12.27"]
[EventType "tourn"]
[EventRounds "11"]
[EventCountry "CAN"]
[SourceTitle "EXT 2001"]
[Source "ChessBase"]
[SourceDate "2000.11.22"]
[SourceVersion "1"]
[SourceVersionDate "2000.11.22"]
[SourceQuality "1"]

1. c4 Nf6 2. Nc3 d6 3. g3 g6 4. Bg2 Bg7 5. Nf3 O-O 6. O-O Nc6 7. d3 e5 8. Rb1 Nd4 9. Nd2 Ne8 10. b4 f5 11. c5 f4 12. Nb3 Ne6 13. cxd6 cxd6 14. d4 Ng5 15. Ne4 Nh3+ 16. Kh1 Bf5 17. dxe5 dxe5 18. Qxd8 Rxd8 19. Rb2 Bxe4 20. Bxe4 fxg3 21. Kg2 Nxf2 22. Bxb7 e4 23. hxg3 Bxb2 24. Bxb2 Nd1 25. Bd4 Rxd4 26. Rxf8+ Kxf8 27. Nxd4 Nd6 28. Ba6 Ne3+ 29. Kg1 Nd5 30. a3 Nc7 31. b5 Ke8 32. a4 Kd7 33. Kf2 Nxa6 34. bxa6 Kc7 35. Ne6+ Kb6 36. Nf8 Kxa6 37. Ke3 Ka5 38. g4 Kxa4 39. Nxh7 Kb3 40. Nf6 a5 41. Nd7 a4 42. Nc5+ Kb4 43. Nxa4 Kxa4 44. Kf4 Kb4 45. Kg5 Kc3 46. Kxg6 e3 47. Kf6 Kd2 48. Ke6 Ne8 49. Kf7 Kxe2 50. g5 Kd3 51. Kxe8 e2 52. g6 e1=Q+ 53. Kf7 Qf2+ 54. Kg8 Qf5 55. g7 Ke4 56. Kh8 Qh5+ 57. Kg8 Ke5 58. Kf8 Qf5+ 59. Kg8 Kf6 60. Kh8 Qh5+ 0-1

[Event "CAN-ch U20 1997-98"]
[Site "Winnipeg CAN"]
[Date "1997.12.30"]
[Round "7"]
[White "Chin, Garrett"]
[Black "Hua, Lefong"]
[Result "0-1"]
[WhiteElo "1985"]
[BlackElo "2298"]
[PlyCount "48"]
[GameId "2160767911874247"]
[EventDate "1997.12.27"]
[EventType "tourn"]
[EventRounds "11"]
[EventCountry "CAN"]
[SourceTitle "EXT 2001"]
[Source "ChessBase"]
[SourceDate "2000.11.22"]
[SourceVersion "1"]
[SourceVersionDate "2000.11.22"]
[SourceQuality "1"]

1. d4 Nf6 2. Nc3 c5 3. Nf3 cxd4 4. Nxd4 g6 5. e4 d6 6. Be3 Bg7 7. f3 Nc6 8. Qd2 O-O 9. Bc4 Bd7 10. O-O-O Ne5 11. Bb3 Rc8 12. Bg5 h5 13. f4 Nc4 14. Bxc4 Rxc4 15. e5 Nh7 16. exd6 Nxg5 17. Qe2 e5 18. Qxc4 exd4 19. Nd5 Ne4 20. Rhe1 Nxd6 21. Qc5 Bg4 22. Rd2 Be6 23. Nc7 Bf5 24. Rdd1 Be4 0-1

[Event "CAN-ch U20 1997-98"]
[Site "Winnipeg CAN"]
[Date "1997.12.30"]
[Round "7"]
[White "Henson, Joshua"]
[Black "Zugic, Igor"]
[Result "0-1"]
[WhiteElo "2014"]
[BlackElo "2373"]
[PlyCount "71"]
[GameId "2160767911874248"]
[EventDate "1997.12.27"]
[EventType "tourn"]
[EventRounds "11"]
[EventCountry "CAN"]
[SourceTitle "EXT 2001"]
[Source "ChessBase"]
[SourceDate "2000.11.22"]
[SourceVersion "1"]
[SourceVersionDate "2000.11.22"]
[SourceQuality "1"]

1. e4 e6 2. d4 d5 3. Nd2 c5 4. Ngf3 Nc6 5. Bb5 Bd6 6. exd5 exd5 7. O-O Nge7 8. dxc5 Bxc5 9. Nb3 Bd6 10. Nfd4 O-O 11. c3 Qc7 12. f4 f5 13. Qf3 Kh8 14. Be3 g5 15. Kh1 Ng6 16. g3 Nce7 17. Rae1 a6 18. Bd3 g4 19. Qg2 Bd7 20. Ne6 Bxe6 21. Bd4+ Kg8 22. Rxe6 Rf7 23. Qf2 Nf8 24. Re2 h5 25. Rfe1 h4 26. Be5 Rd8 27. Qd4 Nc6 28. Qf2 Bxe5 29. fxe5 Ne6 30. Nd4 Ncxd4 31. cxd4 Rdf8 32. gxh4 Qb6 33. Rd2 Qxd4 34. Qxd4 Nxd4 35. e6 Re7 36. Bxa6 0-1

[Event "CAN-ch U20 1997-98"]
[Site "Winnipeg CAN"]
[Date "1997.12.30"]
[Round "7"]
[White "Kirby, Patrick"]
[Black "Dutton, Warren"]
[Result "0-1"]
[WhiteElo "2099"]
[BlackElo "2185"]
[PlyCount "108"]
[GameId "2160767911874249"]
[EventDate "1997.12.27"]
[EventType "tourn"]
[EventRounds "11"]
[EventCountry "CAN"]
[SourceTitle "EXT 2001"]
[Source "ChessBase"]
[SourceDate "2000.11.22"]
[SourceVersion "1"]
[SourceVersionDate "2000.11.22"]
[SourceQuality "1"]

1. d4 Nf6 2. c4 g6 3. Nc3 Bg7 4. e4 d6 5. f3 Nbd7 6. Nge2 e5 7. Bg5 h6 8. Bh4 g5 9. Bf2 Nh5 10. g4 Nf4 11. Nxf4 gxf4 12. d5 h5 13. h3 Bf6 14. Qd2 Nf8 15. Bg2 Ng6 16. O-O-O Bd7 17. b3 a6 18. Kb2 b6 19. Ra1 Qe7 20. Rhf1 O-O-O 21. a4 a5 22. Nb5 Bxb5 23. axb5 hxg4 24. fxg4 Bg5 25. Qe2 Qf6 26. Rh1 Rh6 27. Qf3 Bh4 28. Raf1 Qg5 29. Bxh4 Nxh4 30. Qe2 Rg8 31. Bf3 Rgh8 32. Rf2 Ng6 33. Rfh2 Qh4 34. Rg1 Qd8 35. Rgh1 Rh4 36. Qd3 R8h6 37. Ka3 Qh8 38. Bg2 Rxg4 39. hxg4 Rxh2 40. Rxh2 Qxh2 41. Bh3 Kd8 42. b4 axb4+ 43. Kxb4 Qg3 44. Qf1 Nh4 45. Qa1 Ke7 46. Qa7 Qe1+ 47. Kb3 Qe3+ 48. Kb4 Qc5+ 49. Kb3 Nf3 50. Qa2 Qe3+ 51. Kb4 Qd2+ 52. Qxd2 Nxd2 53. Kc3 Nxe4+ 54. Kd3 Nf2+ 0-1

[Event "CAN-ch U20 1997-98"]
[Site "Winnipeg CAN"]
[Date "1997.12.30"]
[Round "7"]
[White "Olson, Hans"]
[Black "Gulati, Justin"]
[Result "0-1"]
[WhiteElo "1862"]
[BlackElo "2062"]
[PlyCount "46"]
[GameId "2160767911874250"]
[EventDate "1997.12.27"]
[EventType "tourn"]
[EventRounds "11"]
[EventCountry "CAN"]
[SourceTitle "EXT 2001"]
[Source "ChessBase"]
[SourceDate "2000.11.22"]
[SourceVersion "1"]
[SourceVersionDate "2000.11.22"]
[SourceQuality "1"]

1. e4 e5 2. Nf3 Nc6 3. Bb5 a6 4. Ba4 Nf6 5. O-O b5 6. Bb3 Be7 7. Re1 O-O 8. c3 d5 9. exd5 Nxd5 10. d3 Nf6 11. Qe2 Bg4 12. Nbd2 Re8 13. h3 Bh5 14. Nf1 Qd7 15. Bg5 Nd5 16. Bd2 Bf6 17. Ng3 Nf4 18. Bxf4 exf4 19. Ne4 Bh4 20. Qd2 Bxf3 21. gxf3 Qxh3 22. Qxf4 Ne5 23. Nd2 Bxf2+ 0-1

[Event "CAN-ch U20 1997-98"]
[Site "Winnipeg CAN"]
[Date "1997.12.30"]
[Round "8"]
[White "Dutton, Warren"]
[Black "Chin, Garrett"]
[Result "1/2-1/2"]
[WhiteElo "2185"]
[BlackElo "1985"]
[PlyCount "49"]
[GameId "2160767911874251"]
[EventDate "1997.12.27"]
[EventType "tourn"]
[EventRounds "11"]
[EventCountry "CAN"]
[SourceTitle "EXT 2001"]
[Source "ChessBase"]
[SourceDate "2000.11.22"]
[SourceVersion "1"]
[SourceVersionDate "2000.11.22"]
[SourceQuality "1"]

1. e4 e5 2. Nf3 Nc6 3. Bb5 f5 4. d4 fxe4 5. Bxc6 dxc6 6. Nxe5 Qh4 7. O-O Be6 8. Nc3 O-O-O 9. g3 Qh3 10. Nxe4 Bd5 11. f3 Be7 12. c4 Be6 13. Be3 Nh6 14. Qa4 a6 15. Rad1 Nf5 16. Bf2 Qh6 17. Ng4 Qg6 18. b4 Nxd4 19. Rxd4 Bxg4 20. Rxd8+ Rxd8 21. Bc5 Bxf3 22. Bxe7 Qxe4 23. Bxd8 Qe3+ 24. Rf2 Qe1+ 25. Rf1 1/2-1/2

[Event "CAN-ch U20 1997-98"]
[Site "Winnipeg CAN"]
[Date "1997.12.30"]
[Round "8"]
[White "Filion, Charles"]
[Black "Henson, Joshua"]
[Result "1-0"]
[WhiteElo "2223"]
[BlackElo "2014"]
[PlyCount "69"]
[GameId "2160767911874252"]
[EventDate "1997.12.27"]
[EventType "tourn"]
[EventRounds "11"]
[EventCountry "CAN"]
[SourceTitle "EXT 2001"]
[Source "ChessBase"]
[SourceDate "2000.11.22"]
[SourceVersion "1"]
[SourceVersionDate "2000.11.22"]
[SourceQuality "1"]

1. e4 d5 2. exd5 Nf6 3. Bb5+ Bd7 4. Bc4 Bg4 5. f3 Bc8 6. Nc3 Nbd7 7. Nge2 Nb6 8. Bb3 Nbxd5 9. d4 g6 10. Nxd5 Nxd5 11. c4 Nf6 12. Bg5 Bg7 13. Qd2 h6 14. Be3 c6 15. O-O h5 16. Rad1 O-O 17. Bh6 Bd7 18. Ng3 Qc7 19. Ne4 Rfe8 20. Bxg7 Kxg7 21. d5 cxd5 22. cxd5 Qb6+ 23. Kh1 Rad8 24. Qf4 Bf5 25. Qe5 Bxe4 26. fxe4 Qd6 27. Qc3 Rc8 28. Qd4 Qc5 29. e5 Qxd4 30. Rxd4 Nd7 31. e6 Nf6 32. d6 Rc6 33. exf7 Rec8 34. dxe7 Rc1 35. f8=Q+ 1-0

[Event "CAN-ch U20 1997-98"]
[Site "Winnipeg CAN"]
[Date "1997.12.30"]
[Round "8"]
[White "Gulati, Justin"]
[Black "Afrah, Navid"]
[Result "0-1"]
[WhiteElo "2062"]
[BlackElo "2210"]
[PlyCount "110"]
[GameId "2160767911874253"]
[EventDate "1997.12.27"]
[EventType "tourn"]
[EventRounds "11"]
[EventCountry "CAN"]
[SourceTitle "EXT 2001"]
[Source "ChessBase"]
[SourceDate "2000.11.22"]
[SourceVersion "1"]
[SourceVersionDate "2000.11.22"]
[SourceQuality "1"]

1. e4 c5 2. Nc3 Nc6 3. g3 g6 4. Bg2 Bg7 5. d3 d6 6. Be3 Rb8 7. Qd2 Nd4 8. f4 b5 9. Nf3 b4 10. Nd1 e6 11. O-O Ne7 12. h3 O-O 13. g4 f5 14. gxf5 exf5 15. Ne1 Qa5 16. Kh2 Be6 17. Qf2 b3 18. c3 Qxa2 19. Rc1 Nb5 20. e5 dxe5 21. Bxc5 Rfe8 22. c4 Bh6 23. Qe2 Bf7 24. cxb5 Qa5 25. Qxe5 Nd5 26. Qd4 Rbd8 27. Bxd5 Rxd5 28. Qc3 Qxb5 29. Ne3 Rd7 30. N1g2 Rc7 31. Qd4 Bg7 32. Qd6 Rec8 33. d4 Rc6 34. Qe7 R6c7 35. Qh4 Qe2 36. Rce1 Qxb2 37. Rf2 Qc3 38. Rfe2 h6 39. Bd6 Rd7 40. Be5 b2 41. Qg3 Bxe5 42. dxe5 Rd2 43. Qf2 Rxe2 44. Qxe2 Qxe1 45. Qxe1 Ba2 46. Qg3 Kh7 47. Qh4 Rc7 48. Qd8 Rb7 49. h4 b1=Q 50. Qe8 Bf7 51. Qc6 Qe4 52. Qa6 h5 53. Qf6 a5 54. Qa6 a4 55. Nf1 Bc4 0-1

[Event "CAN-ch U20 1997-98"]
[Site "Winnipeg CAN"]
[Date "1997.12.30"]
[Round "8"]
[White "Olson, Hans"]
[Black "Goldenberg, Danny"]
[Result "0-1"]
[WhiteElo "1862"]
[BlackElo "2369"]
[PlyCount "68"]
[GameId "2160767911874255"]
[EventDate "1997.12.27"]
[EventType "tourn"]
[EventRounds "11"]
[EventCountry "CAN"]
[SourceTitle "EXT 2001"]
[Source "ChessBase"]
[SourceDate "2000.11.22"]
[SourceVersion "1"]
[SourceVersionDate "2000.11.22"]
[SourceQuality "1"]

1. e4 c5 2. d4 cxd4 3. c3 Nf6 4. e5 Nd5 5. Nf3 Nc6 6. cxd4 d6 7. exd6 Qxd6 8. Nc3 g6 9. Bc4 Nb6 10. Bb3 Bg7 11. Be3 O-O 12. Qd2 Bf5 13. a3 Na5 14. Ba2 Nac4 15. Qc1 Nxe3 16. fxe3 Rac8 17. O-O Bd3 18. Re1 Bc4 19. Qd1 Bxa2 20. Nxa2 Nc4 21. Qe2 Bh6 22. Qf2 e5 23. dxe5 Qb6 24. Kh1 Nxe3 25. Rab1 Rc2 26. Re2 Rfc8 27. Nb4 Rxe2 28. Qxe2 a5 29. Nd3 Rc2 30. Qe1 Rxg2 31. Qh4 Qc6 32. Nde1 Bg5 33. Qh3 Rf2 34. Qg3 Rf1+ 0-1

[Event "CAN-ch U20 1997-98"]
[Site "Winnipeg CAN"]
[Date "1997.12.30"]
[Round "8"]
[White "Zugic, Igor"]
[Black "Kirby, Patrick"]
[Result "1-0"]
[WhiteElo "2373"]
[BlackElo "2099"]
[PlyCount "89"]
[GameId "2160767911874256"]
[EventDate "1997.12.27"]
[EventType "tourn"]
[EventRounds "11"]
[EventCountry "CAN"]
[SourceTitle "EXT 2001"]
[Source "ChessBase"]
[SourceDate "2000.11.22"]
[SourceVersion "1"]
[SourceVersionDate "2000.11.22"]
[SourceQuality "1"]

1. d4 d5 2. c4 e6 3. Nc3 Be7 4. Nf3 Nf6 5. Bg5 h6 6. Bh4 O-O 7. e3 b6 8. Rc1 Bb7 9. Bd3 Nbd7 10. cxd5 exd5 11. O-O c5 12. Re1 Ne4 13. Bxe7 Qxe7 14. dxc5 Ndxc5 15. Qe2 Rfd8 16. Red1 Rac8 17. Nd4 Nxd3 18. Qxd3 Nxc3 19. Rxc3 Rxc3 20. Qxc3 Qc5 21. Qxc5 bxc5 22. Nb3 Rc8 23. Rc1 c4 24. Nd4 g6 25. Kf1 Ba6 26. Ke1 Rb8 27. Rc2 Rc8 28. Kd2 Rc7 29. Kc3 Kg7 30. Ne2 Bc8 31. Rd2 Be6 32. Nf4 Rd7 33. e4 Kf6 34. Nxd5+ Bxd5 35. Rxd5 Rc7 36. f3 Ke6 37. Rd4 Rb7 38. Rxc4 h5 39. b4 Kd6 40. Rc5 Ke6 41. g3 Kd6 42. a4 Re7 43. Kd4 Rb7 44. b5 a6 45. Rc6+ 1-0

[Event "CAN-ch U20 1997-98"]
[Site "Winnipeg CAN"]
[Date "1997.12.31"]
[Round "9"]
[White "Afrah, Navid"]
[Black "Filion, Charles"]
[Result "1-0"]
[WhiteElo "2210"]
[BlackElo "2223"]
[PlyCount "141"]
[GameId "2160767911874258"]
[EventDate "1997.12.27"]
[EventType "tourn"]
[EventRounds "11"]
[EventCountry "CAN"]
[SourceTitle "EXT 2001"]
[Source "ChessBase"]
[SourceDate "2000.11.22"]
[SourceVersion "1"]
[SourceVersionDate "2000.11.22"]
[SourceQuality "1"]

1. e4 c5 2. c4 Nc6 3. Nc3 Nf6 4. g3 g6 5. Bg2 Bg7 6. Nge2 O-O 7. O-O d6 8. d3 Ne8 9. Be3 Nc7 10. d4 cxd4 11. Nxd4 Ne6 12. Nxe6 Bxe6 13. Nd5 Rb8 14. Qe2 Qa5 15. a4 Rfe8 16. Ra3 Rbc8 17. Rc1 Bxd5 18. exd5 Ne5 19. Bh3 Rc7 20. f4 Nd7 21. Kh1 Nb6 22. Rc2 Rxc4 23. Bxb6 Rxc2 24. Qxc2 Qxb6 25. Rb3 Qa6 26. Rb5 e6 27. dxe6 fxe6 28. Bxe6+ Kh8 29. Bd5 b6 30. Kg2 Rc8 31. Qe4 Rb8 32. Rb4 Qc8 33. Rc4 Qe8 34. Qc2 Rd8 35. Rc7 Bf6 36. Rxa7 Rc8 37. Rc7 Rxc7 38. Qxc7 Qe2+ 39. Kh3 Qh5+ 40. Kg2 Qe2+ 41. Kh3 Qh5+ 42. Kg2 Qe2+ 43. Kh3 Qf1+ 44. Bg2 Qd1 45. Qc8+ Kg7 46. Qb7+ Kh6 47. Qd5 Qe2 48. b3 Kg7 49. Qb7+ Be7 50. Bf3 Qf1+ 51. Bg2 Qe2 52. Bf3 Qe6+ 53. Kg2 Qe3 54. Qe4 Qd2+ 55. Qe2 Qxe2+ 56. Bxe2 Kf6 57. Bc4 g5 58. Kf3 gxf4 59. Kxf4 Bf8 60. Ke4 Ke7 61. Kd5 Kd7 62. h4 Be7 63. Bb5+ Kc7 64. Ke6 Bf8 65. g4 Bg7 66. Kf7 Bc3 67. g5 d5 68. Kg8 Kd6 69. Kxh7 Ke7 70. g6 Kf8 71. h5 1-0

[Event "CAN-ch U20 1997-98"]
[Site "Winnipeg CAN"]
[Date "1997.12.31"]
[Round "9"]
[White "Chin, Garrett"]
[Black "Gulati, Justin"]
[Result "1-0"]
[WhiteElo "1985"]
[BlackElo "2062"]
[PlyCount "37"]
[GameId "2160767911874260"]
[EventDate "1997.12.27"]
[EventType "tourn"]
[EventRounds "11"]
[EventCountry "CAN"]
[SourceTitle "EXT 2001"]
[Source "ChessBase"]
[SourceDate "2000.11.22"]
[SourceVersion "1"]
[SourceVersionDate "2000.11.22"]
[SourceQuality "1"]

1. d4 d5 2. e4 c6 3. Nc3 dxe4 4. Bc4 Nf6 5. f3 exf3 6. Nxf3 e6 7. Bg5 Be7 8. O-O O-O 9. Qe1 Qc7 10. Bd3 Qa5 11. Qh4 h6 12. Ne4 Nbd7 13. Ne5 Nxe5 14. dxe5 Qxe5 15. Nxf6+ Bxf6 16. Bxf6 gxf6 17. Qxh6 f5 18. Rf3 Qd4+ 19. Kh1 1-0

[Event "CAN-ch U20 1997-98"]
[Site "Winnipeg CAN"]
[Date "1997.12.31"]
[Round "9"]
[White "Goldenberg, Danny"]
[Black "Kirby, Patrick"]
[Result "1-0"]
[WhiteElo "2369"]
[BlackElo "2099"]
[PlyCount "99"]
[GameId "2160767911874261"]
[EventDate "1997.12.27"]
[EventType "tourn"]
[EventRounds "11"]
[EventCountry "CAN"]
[SourceTitle "EXT 2001"]
[Source "ChessBase"]
[SourceDate "2000.11.22"]
[SourceVersion "1"]
[SourceVersionDate "2000.11.22"]
[SourceQuality "1"]

1. e4 e5 2. Nf3 Nc6 3. Bc4 Bc5 4. O-O Nf6 5. d3 d6 6. c3 Bb6 7. h3 O-O 8. Re1 Be6 9. Nbd2 h6 10. a4 a5 11. Bxe6 fxe6 12. Qb3 Re8 13. Nc4 Ra6 14. Be3 Nd7 15. Bxb6 Nxb6 16. Na3 Kh8 17. Rad1 d5 18. Nb5 Ra8 19. d4 exd4 20. exd5 Nxd5 21. Nfxd4 Nxd4 22. Nxd4 Qc8 23. Nxe6 Rxe6 24. Rxe6 Qxe6 25. Qxd5 Qe2 26. Qd2 Qc4 27. Qd4 Qe2 28. Rd2 Qe1+ 29. Kh2 Qe7 30. Rd3 Qe2 31. Rg3 Qe7 32. Re3 Qf7 33. Rf3 Qe7 34. Qe3 Qd7 35. Qe4 Qd6+ 36. Qf4 Qxf4+ 37. Rxf4 Ra6 38. Rc4 Rb6 39. b4 axb4 40. cxb4 c6 41. Kg3 Kg8 42. Kf4 Ra6 43. a5 Kf7 44. Ke5 Ke7 45. Rg4 g5 46. Kd4 Kf6 47. Kc5 h5 48. Rd4 Ke5 49. Rd7 Ra7 50. Kb6 1-0

[Event "CAN-ch U20 1997-98"]
[Site "Winnipeg CAN"]
[Date "1997.12.31"]
[Round "9"]
[White "Henson, Joshua"]
[Black "Hua, Lefong"]
[Result "0-1"]
[WhiteElo "2014"]
[BlackElo "2298"]
[PlyCount "86"]
[GameId "2160767911874262"]
[EventDate "1997.12.27"]
[EventType "tourn"]
[EventRounds "11"]
[EventCountry "CAN"]
[SourceTitle "EXT 2001"]
[Source "ChessBase"]
[SourceDate "2000.11.22"]
[SourceVersion "1"]
[SourceVersionDate "2000.11.22"]
[SourceQuality "1"]

1. e4 c5 2. Nf3 e6 3. d4 cxd4 4. Nxd4 a6 5. Bd3 Qc7 6. O-O Nc6 7. Be3 Nf6 8. Nd2 Bd6 9. Nxc6 Qxc6 10. f4 Bc5 11. Bxc5 Qxc5+ 12. Kh1 d6 13. Qf3 O-O 14. Qh3 e5 15. f5 Qb4 16. Qe3 b5 17. Nb3 Bb7 18. a3 Qa4 19. Rae1 Rac8 20. Qe2 Rfe8 21. Rf2 d5 22. Nd2 Rcd8 23. h3 Qd4 24. c3 Qb6 25. Ref1 Qc6 26. Re1 Qd7 27. Ref1 Ba8 28. Rc1 dxe4 29. Bxe4 Qxd2 30. Qxd2 Rxd2 31. Rxd2 Nxe4 32. Rd7 Ng3+ 33. Kh2 Nxf5 34. Rf1 g6 35. g4 Ne7 36. Rf6 Bd5 37. Rxa6 Bc4 38. Raa7 Kf8 39. Kg3 e4 40. Rac7 e3 41. Rd1 e2 42. Re1 Nd5 43. Rd7 Ne3 0-1

[Event "CAN-ch U20 1997-98"]
[Site "Winnipeg CAN"]
[Date "1997.12.31"]
[Round "9"]
[White "Olson, Hans"]
[Black "Zugic, Igor"]
[Result "0-1"]
[WhiteElo "1862"]
[BlackElo "2373"]
[PlyCount "100"]
[GameId "2160767911874263"]
[EventDate "1997.12.27"]
[EventType "tourn"]
[EventRounds "11"]
[EventCountry "CAN"]
[SourceTitle "EXT 2001"]
[Source "ChessBase"]
[SourceDate "2000.11.22"]
[SourceVersion "1"]
[SourceVersionDate "2000.11.22"]
[SourceQuality "1"]

1. e4 e6 2. d4 d5 3. exd5 exd5 4. Bd3 Nc6 5. Nf3 Bd6 6. h3 Nge7 7. c4 dxc4 8. Bxc4 h6 9. Nc3 O-O 10. O-O a6 11. Ne4 Bf5 12. Nxd6 Qxd6 13. Re1 Rad8 14. Be3 Be4 15. Nd2 Bg6 16. Nb3 b6 17. Qg4 Nd5 18. Rac1 Nce7 19. a3 a5 20. Nd2 f5 21. Qf4 Qf6 22. Nf3 Kh7 23. Qe5 Qf7 24. Qxc7 Qe8 25. Qe5 Qd7 26. Bd2 Bh5 27. Qe2 Rfe8 28. Qd3 Bxf3 29. Bb5 Be4 30. Qe2 Qd6 31. Bxe8 Rxe8 32. Qh5 Nf6 33. Qh4 Ng6 34. Qg3 Qxg3 35. fxg3 Nd5 36. Bc3 Rc8 37. Kf2 Nge7 38. Kg1 Rc7 39. Kh2 Rc8 40. Kh1 Kg6 41. Kg1 Rc7 42. Kf2 Kf7 43. Kg1 g6 44. Kf2 Rc4 45. Kg1 Ke6 46. Kf2 h5 47. Re2 Nc6 48. Rd2 Kd7 49. Rdd1 b5 50. Kf1 Ne3+ 0-1

[Event "CAN-ch U20 1997-98"]
[Site "Winnipeg CAN"]
[Date "1998.01.01"]
[Round "10"]
[White "Dutton, Warren"]
[Black "Olson, Hans"]
[Result "1-0"]
[WhiteElo "2185"]
[BlackElo "1862"]
[PlyCount "59"]
[GameId "2160767911874264"]
[EventDate "1997.12.27"]
[EventType "tourn"]
[EventRounds "11"]
[EventCountry "CAN"]
[SourceTitle "EXT 2001"]
[Source "ChessBase"]
[SourceDate "2000.11.22"]
[SourceVersion "1"]
[SourceVersionDate "2000.11.22"]
[SourceQuality "1"]

1. e4 e5 2. Nf3 Nc6 3. Bc4 Bc5 4. c3 Bb6 5. O-O Nf6 6. d3 h6 7. b4 d6 8. h3 O-O 9. a4 a5 10. b5 Ne7 11. Nbd2 Ng6 12. d4 Re8 13. Qb3 Qe7 14. Re1 Be6 15. Ba3 Qd8 16. dxe5 dxe5 17. Bxe6 Rxe6 18. Nc4 Nd7 19. Rad1 Qc8 20. Ne3 Bc5 21. Bxc5 Nxc5 22. Qc4 b6 23. Nf5 Re8 24. Rd5 Qe6 25. g3 Kh7 26. h4 f6 27. Kg2 Ne7 28. Rxc5 Nxf5 29. exf5 Qxf5 30. Rxc7 1-0